|
|
|
|
| LEADER |
00000cam a2200000 7i4500 |
| 001 |
0000001401 |
| 005 |
20010618.0 |
| 090 |
0 |
0 |
|a 574.52642
|b GLO 1983
|
| 245 |
0 |
0 |
|a GLOBAL status of mangrove ecosystems
|c by the Working Group on Mangrove Ecosystems of the IUCN Commission on Ecology, in cooperation with the United Nations Environment Programme and the World Wildlife Fund
|c edited by P. Saenger, E.J. Hegerl, and J.D.S. Davie
|
| 260 |
0 |
0 |
|a Gland, Switzerland :
|b International Union for Conservation of Nature and Natural Resources ,
|c 1983
|
| 300 |
|
|
|a 88 p. :
|b ill. ;
|c 28 cm.
|
| 440 |
0 |
0 |
|a Commission on ecology papers ; no. 3
|
| 500 |
0 |
0 |
|a "Reprinted from The Environmentalist, vol. 3 (1983), supplement no. 3"--Verso of cover
|
| 500 |
0 |
0 |
|a Bibliography: [p. 79-80]
|
| 650 |
0 |
0 |
|a Mangrove conservation
|
| 650 |
0 |
0 |
|a Mangrove ecology
|
| 700 |
0 |
1 |
|a Davie
|h J. D. S.
|
| 700 |
0 |
1 |
|a Hegerl
|h E. J.
|
| 700 |
0 |
1 |
|a Saenger
|h P.
|
| 710 |
1 |
1 |
|a International Union for Conservation of Nature and Natural Resources
|
| 998 |
|
|
|a JPSM
|
| 999 |
|
|
|a 0000002877
|b Monograph
|c Open Shelf
|e Default branch
|